[Event "Commonwealth-ch"]
[Site "New Delhi"]
[Date "2010.05.10"]
[Round "2"]
[White "Anwesh, Upadhyaya"]
[Black "Lokesh, P."]
[Result "1-0"]
[WhiteElo "2419"]
[BlackElo "2131"]
[PlyCount "143"]
[EventDate "2010.05.10"]
[EventType "swiss"]
[EventRounds "11"]
[EventCountry "IND"]
[SourceTitle "CBM 136 Extra"]
[Source "ChessBase"]
[SourceDate "2010.07.02"]
[SourceVersion "2"]
[SourceVersionDate "2010.07.15"]
[SourceQuality "1"]

1. d4 Nf6 2. c4 g6 3. Nc3 Bg7 4. e4 d6 5. f3 0-0 6. Bg5 a6 7. Qd2 c5 8. d5 b5 9. cxb5 Qa5 10. bxa6 Bxa6 11. Bxa6 Nxa6 12. Nge2 Rfb8 13. 0-0 Nc7 14. Rab1 Rb7 15. Rfd1 Rab8 16. b3 Nb5 17. Na4 Qa7 18. Rbc1 Ne8 19. Be3 Nf6 20. Nf4 Nd7 21. Nd3 Bd4 22. Kh1 Bxe3 23. Qxe3 Na3 24. Ndb2 Qa5 25. e5 Nxe5 26. Nxc5 Rb5 27. Ne4 Rb4 28. Nf2 Qb6 29. Qxb6 R4xb6 30. f4 Nd7 31. Nfd3 Nf6 32. Na4 Ra6 33. Ndb2 Ra5 34. Nc3 Rb4 35. g3 Nb5 36. Nca4 Na3 37. Nc3 Nb5 38. Nba4 Nc7 39. Nb2 Ncxd5 40. Nxd5 Nxd5 41. Nc4 Rc5 42. Kg1 Rb8 43. Kf2 Nb4 44. a3 Na2 45. b4 Rc6 46. Rc2 Rbc8 47. Rxa2 Rxc4 48. Rdd2 f6 49. Rdb2 Rb8 50. Ke3 d5 51. Rb3 e5 52. b5 Re4+ 53. Kf3 Ra4 54. Rd2 d4 55. fxe5 fxe5 56. Ke4 Ra5 57. Kxe5 Rbxb5+ 58. Rxb5 Rxb5+ 59. Kxd4 Kf7 60. Ra2 Ke6 61. a4 Ra5 62. Kc4 Kd6 63. Kb4 Ra8 64. a5 Rb8+ 65. Kc4 Kc6 66. a6 Ra8 67. a7 Kb7 68. Kb5 g5 69. g4 Kc7 70. Ka6 Rf8 71. Rc2+ Kd6 72. Kb7 1-0